Online Catalogue and eLibrary

Feminism unmodified : (Record no. 2845)

MARC details
000 -LEADER
fixed length control field 00464nam a2200181Ia 4500
005 - DATE AND TIME OF LATEST TRANSACTION
control field 20240605024910.0
008 - FIXED-LENGTH DATA ELEMENTS--GENERAL INFORMATION
fixed length control field 240331s9999 xx 000 0 und d
020 ## - INTERNATIONAL STANDARD BOOK NUMBER
ISBN 0674298748
082 ## - DDC Classification
Item Number - Author Mark MAC
Class No. 346
100 ## - MAIN ENTRY--PERSONAL NAME
Personal name Mackinnon, A Catharine
245 #0 - TITLE STATEMENT
Title Feminism unmodified :
Remainder of title discourses on life and law
260 ## - PUBLICATION, DISTRIBUTION, ETC.
Place of publication, distribution, etc. America
Name of publisher, distributor, etc. Harvard University Press
Date of publication, distribution, etc. 1987
300 ## - PHYSICAL DESCRIPTION
Extent (e.g. Volumes, Pages etc.) 315 p .,
650 ## - SUBJECT ADDED ENTRY--TOPICAL TERM
Topical term or geographic name entry element Women
650 ## - SUBJECT ADDED ENTRY--TOPICAL TERM
Topical term or geographic name entry element Legal Status
650 ## - SUBJECT ADDED ENTRY--TOPICAL TERM
Topical term or geographic name entry element Law
942 ## - Koha item type (Biblio)
Koha item type Books in Stacks (Lending)
Holdings
Lost status Damaged status Collection code Home library Current library Shelving location Date acquired Full call number Accession Number Item type
    Lending WERC Library WERC Library Social Science Cupboard 03/31/2024 364 MAC 2074 Books in Stacks (Lending)

© WERC Library